[Event "NOR-chB"]
[Site "Oslo"]
[Date "2023.07.03"]
[Round "3"]
[White "Edroma, Godfrey"]
[Black "Johnson, Knut"]
[Result "0-1"]
[WhiteElo "1519"]
[BlackElo "1465"]
[PlyCount "108"]
[EventDate "2023.06.30"]
[EventType "swiss"]
[EventRounds "9"]
[EventCountry "NOR"]
[SourceTitle "EXT 2024"]
[Source "ChessBase"]
[SourceDate "2023.10.10"]
[SourceVersion "1"]
[SourceVersionDate "2023.10.10"]
[SourceQuality "1"]

1. e4 c6 2. f4 d5 3. Nc3 dxe4 4. Nxe4 Nf6 5. Ng3 Bg4 6. Nf3 e6 7. Bc4 Nbd7 8. c3 Be7 9. 0-0 0-0 10. h3 Bxf3 11. Qxf3 Re8 12. d3 Nf8 13. Bd2 Qb6+ 14. Rf2 Rad8 15. b4 Qc7 16. Kh1 Bd6 17. Ne4 Nxe4 18. dxe4 Be7 19. Re1 Kh8 20. a3 c5 21. Bb3 Rd7 22. Bc2 Red8 23. Be3 b6 24. e5 b5 25. g3 cxb4 26. cxb4 Qc3 27. Ree2 Qxa3 28. Qe4 Qxb4 29. Qf3 Qa3 30. Kg2 Bc5 31. Be4 Kg8 32. Bc6 Rd3 33. Bxc5 Qxc5 34. Rc2 Qxc2 35. Rxc2 Rxf3 36. Kxf3 b4 37. Rb2 Rb8 38. Ke4 Ng6 39. Kd4 Ne7 40. Ba4 Nf5+ 41. Kc5 Nxg3 42. Bd1 Nf5 43. Bf3 Ne7 44. Be4 h6 45. Kc4 g6 46. Rxb4 Rxb4+ 47. Kxb4 Nd5+ 48. Bxd5 exd5 49. Kb5 Kf8 50. Kc5 Ke7 51. Kxd5 h5 52. h4 a6 53. Kd4 Ke6 54. Ke4 a5 0-1

[Event "Bodo CC-ch"]
[Site "Bodo"]
[Date "2019.04.02"]
[Round "8"]
[White "Nilsen, Leif Inge"]
[Black "Edroma, Godfrey"]
[Result "0-1"]
[WhiteElo "1533"]
[BlackElo "1402"]
[PlyCount "180"]
[EventDate "2019.01.29"]
[EventType "swiss"]
[EventRounds "8"]
[EventCountry "NOR"]
[SourceTitle "EXT 2024"]
[Source "ChessBase"]
[SourceDate "2023.10.10"]
[SourceVersion "1"]
[SourceVersionDate "2023.10.10"]
[SourceQuality "1"]

1. e4 e5 2. Bc4 Nc6 3. c3 Bc5 4. Nf3 Nf6 5. d3 d6 6. h3 a6 7. b4 Ba7 8. a4 0-0 9. Bg5 Be6 10. Bxe6 fxe6 11. Qb3 Qd7 12. 0-0 Kh8 13. Nbd2 Nh5 14. Kh2 Nf4 15. b5 Ne7 16. c4 Neg6 17. Nh4 Qf7 18. Ndf3 h6 19. Bxf4 Nxf4 20. g3 Ne2 21. Ra2 g5 22. Rxe2 gxh4 23. Nxh4 Qh5 24. f3 a5 25. Qc3 Bd4 26. Qe1 b6 27. g4 Qg5 28. Qg3 Rf6 29. Ng2 Raf8 30. h4 Qg7 31. h5 Qg5 32. Nh4 Be3 33. Kh1 Kh7 34. Ng2 Bd4 35. Nh4 Rg8 36. Rg2 Qe3 37. Qe1 Qxd3 38. Qe2 Qb3 39. Qc2 Qxc2 40. Rxc2 Rgf8 41. Kg2 Kg7 42. Kg3 R6f7 43. Ng6 Rg8 44. Rg2 Be3 45. Kh4 Rf6 46. Kg3 Rd8 47. f4 exf4+ 48. Nxf4 e5 49. Nd5 Rxf1 50. Nxe3 Ra1 51. Rf2 Rd7 52. Nf5+ Kh7 53. Ne3 Rxa4 54. Nd5 Rg7 55. Rf8 Rg5 56. Rf7+ Kg8 57. Rxc7 Rg7 58. Rc8+ Kf7 59. Nxb6 Ra3+ 60. Kh4 Ke6 61. Re8+ Kf7 62. Rh8 Ra1 63. Rxh6 Rh1+ 64. Kg3 Rg1+ 65. Kf3 R7xg4 66. Rxd6 Rf4+ 67. Ke3 Re1+ 68. Kd2 Rexe4 69. Kd3 Rh4 70. Rd7+ Kg8 71. Ra7 a4 72. Kd2 Ref4 73. Rxa4 Rh3 74. c5 Rf2+ 75. Ke1 Rb2 76. Rg4+ Kh7 77. Kf1 Rh1+ 78. Rg1 Rb1+ 79. Kf2 Rbxg1 80. c6 Rg7 81. Nd7 Rc1 82. Nxe5 Rb1 83. b6 Rxb6 84. Ke3 Kh6 85. Kd4 Rb5 86. Nd7 Rg4+ 87. Kc3 Rxh5 88. Kd3 Rh3+ 89. Ke2 Rg2+ 90. Kf1 Rb2 0-1

[Event "Bodo CC-ch"]
[Site "Bodo"]
[Date "2019.02.19"]
[Round "4"]
[White "Edroma, Godfrey"]
[Black "Bakke, Oskar"]
[Result "0-1"]
[WhiteElo "1402"]
[BlackElo "1547"]
[PlyCount "98"]
[EventDate "2019.01.29"]
[EventType "swiss"]
[EventRounds "8"]
[EventCountry "NOR"]
[SourceTitle "EXT 2024"]
[Source "ChessBase"]
[SourceDate "2023.10.10"]
[SourceVersion "1"]
[SourceVersionDate "2023.10.10"]
[SourceQuality "1"]

1. e4 e5 2. d4 exd4 3. c3 d5 4. e5 dxc3 5. Nxc3 Bb4 6. Bd2 Nc6 7. Nf3 Bg4 8. Bb5 Nge7 9. 0-0 a6 10. Bxc6+ Nxc6 11. h3 Bxf3 12. Qxf3 Nxe5 13. Qg3 Ng6 14. Rfe1+ Be7 15. Rxe7+ Kxe7 16. Re1+ Kf8 17. Qf3 c6 18. Ne2 Qf6 19. Qb3 b5 20. Qb4+ Kg8 21. Nd4 h6 22. Nf3 Kh7 23. Qg4 Rhe8 24. Rxe8 Rxe8 25. Bc3 Qe6 26. Qh5 Kg8 27. Nd4 Qe7 28. Nf5 Qg5 29. Nxg7 Qxh5 30. Nxh5 Re6 31. Nf6+ Kf8 32. Nd7+ Ke7 33. Nc5 Re2 34. Nxa6 Ne5 35. Nc5 Nc4 36. b3 Nd6 37. a3 Rc2 38. Bb4 Ke8 39. f3 Nf5 40. Nd3 Nd4 41. Ne5 Nxb3 42. Nxc6 Rxc6 43. Kf2 Re6 44. Kg3 d4 45. Kf4 d3 46. g4 d2 47. Bxd2 Nxd2 48. h4 Rf6+ 49. Ke3 Nxf3 0-1